| 000 | 00442 a2200157 4500 | ||
|---|---|---|---|
| 003 | OSt | ||
| 005 | 20231108132144.0 | ||
| 008 | 231108b |||||||| |||| 00| 0 eng d | ||
| 040 | _coclc | ||
| 082 |
_a297 _bABD/S |
||
| 100 |
_aAbdulla, T _93704 |
||
| 245 |
_aSambath Idapadukal Vidhivilakkukal / _cProf. T Abdulla |
||
| 260 |
_aKerala: _bYuvatha, _c2008. |
||
| 300 | _a243p | ||
| 942 |
_2ddc _cBK _h297 _iABD/S _k297 _mABD/S |
||
| 999 |
_c42961 _d42961 |
||